| 000 | 03925nam a22004577a 4500 | ||
|---|---|---|---|
| 005 | 2010092300390.0 | ||
| 008 | 100923t xxu||||| |||| 00| 0 eng d | ||
| 010 | _aENG-101554 B-445562-574 | ||
| 020 |
_c845.00 _a9788125038337 |
||
| 035 | _aEN-85087 B-445562-574 | ||
| 037 | _bDBAD/PUB | ||
| 040 |
_adpl _bEnglish |
||
| 082 | _a365.60954147 | ||
| 100 |
_921271 _aBandyopadhyay, Mahuya |
||
| 245 |
_aEveryday life in a prison : _cby Mahuya Bandyopadhyay _bconfinement, surveillance, resistance / |
||
| 260 |
_aNew Delhi _bOrient Blackswan _c2010 |
||
| 270 |
_a1/24 Asaf Ali Road _bNew Delhi _e110002 |
||
| 300 |
_axvi,332p. _c23cm (Hb) |
||
| 500 | _aIncludes bibliographical references and index | ||
| 505 | _apt. 1. Prison life : the ethnographic context -- pt. 2. The everyday in prison -- pt. 3. Beyond prison walls -- pt. 4. Conclusion. | ||
| 520 | _aBased on the fieldwork in a Alipore Jail, a central prison in Kolkata, India. | ||
| 610 |
_aAlipore Jail (Calcutta, India) _922187 |
||
| 650 |
_aPrisoners _922179 _z India _zCalcutta. |
||
| 650 |
_aPrison administration _922180 _z India _zCalcutta. |
||
| 700 | _921394 | ||
| 942 |
_2ddc _cEN _mBan _h365.60954147 |
||
| 999 |
_c47893 _d47893 |
||